LIBRARY & INFORMATION CENTRE, KCAET, TAVANUR

ONLINE PUBLIC ACCESS CATALOGUE (OPAC)

Process engineer`s absorption pocket handbook / (Record no. 2)

MARC details
000 -LEADER
fixed length control field 00495cam a2200181ua 4500
003 - CONTROL NUMBER IDENTIFIER
control field OSt
008 - FIXED-LENGTH DATA ELEMENTS--GENERAL INFORMATION
fixed length control field 240213b |||||||| |||| 00| 0 eng d
020 ## - INTERNATIONAL STANDARD BOOK NUMBER
ISBN 0-87201-016-3
041 ## - LANGUAGE CODE
Language code of text/sound track or separate title eng
082 ## - DEWEY DECIMAL CLASSIFICATION NUMBER
Classification number 660.28423
Item number MAD/PR
100 ## - MAIN ENTRY--AUTHOR NAME
Personal name Maddox, R.N .
245 ## - TITLE STATEMENT
Title Process engineer`s absorption pocket handbook /
250 ## - EDITION STATEMENT
Edition statement 1 /
260 ## - PUBLICATION, DISTRIBUTION, ETC. (IMPRINT)
Place of publication Houston :
Name of publisher Gulf Publishing Company ,
Year of publication 1985.
300 ## - PHYSICAL DESCRIPTION
Number of Pages 90 p.
650 ## - SUBJECT ADDED ENTRY--TOPICAL TERM
Topical Term Graphical techniques/stripping/film coefficient
942 ## - ADDED ENTRY ELEMENTS (KOHA)
Koha item type Books
Holdings
Withdrawn status Lost status Damaged status Home library Current library Date acquired Full call number Accession Number Koha item type
      KAUAET KAUAET 07/04/2012 660.28423 MAD/PR 20367 Books
free website counter